Vista normal
Vista MARC
- Robertson, Cliff
Entrada Nombre de persona
Número de registros utilizados en: 1
001 - NÚMERO DE CONTROL
- campo de control: 1021
003 - IDENTIFICADOR DEL NÚMERO DE CONTROL
- campo de control: ES-MaFIAP
005 - FECHA Y HORA DE LA ÚLTIMA TRANSACCIÓN
- campo de control: 20221121114854.0
008 - DATOS DE LONGITUD FIJA
- campo de control de longitud fija: 221121|| aca||aabn | a|a d
040 ## - FUENTE DE LA CATALOGACIÓN
- Centro catalogador/agencia de origen: ES-MaFIAP
- Centro/agencia transcriptor: ES-MaFIAP
100 ## - ENCABEZAMIENTO-NOMBRE DE PERSONA
- Nombre de persona: Robertson, Cliff
- Fechas asociadas al nombre: 1923-2011
- Forma completa/desarrollada del nombre: Clifford Parker Robertson
670 ## - FUENTE DE DATOS ENCONTRADOS
- Cita de la fuente: Work cat.: (ES-MaFIAP): Spider-man 3 [Videograbación] /, D. L. 2007





